Nonninipoti. Un legame speciale (Record n. 359315)

Dettagli MARC
000 -LEADER
campo di controllo lung. fissa 01398nam a22001937a 4500
003 - Identificatore del numero di controllo
campo di controllo IT-MiCISF
005 - Data e orario dell'ultima transazione
campo di controllo 20210609120248.0
008 - Elementi di lunghezza fissa--Informazione generale
campo di controllo lung. fissa 210609b ||||| |||| 00| 0 eng d
040 ## - Fonte della catalogazione
Agenzia che fa la trascrizione IT-MiCISF
041 ## - Codice di lingua
Codice di lingua del testo/traccia sonora o titolo separato it
100 ## - Accesso principale -- nome di persona
Nome di persona Libanoro Raineri Paola
9 (RLIN) 56099
245 ## - Formulazione del titolo
Titolo Nonninipoti. Un legame speciale
260 ## - Pubblicazione, distribuzione, ecc. (stampa)
Luogo di pubblicazione, distribuzione, ecc. Cantalupa (TO)
Nome dell'editore, distributore, ecc. Effatà
Data di pubblicazione, distribuzione, ecc. 2014
500 ## - Nota generale
Nota generale famiglia, rapporti-nonni-nipoti, rapporti-intergenerazionali
520 ## - Riassunto, ecc.
Nota di riassunto, ecc. Quello tra nonni e nipoti è un legame familiare del tutto particolare. È, per sua natura, lontano dalla competizione, dalla produttività, dall'efficienza, dall'esigenza di dover costruire una buona immagine di sé, per sé e per gli altri; è caratterizzato dal gioco, dalla gratuità, dallo stare insieme per lo stare insieme, godendo della reciproca presenza, senza dover per forza "produrre". Per il bambino avere un buon rapporto con i nonni vuol dire nutrirsi di un mondo parentale completo. I nonni sono una sorta di ponte storico su cui si sviluppa l'esistenza di ogni futura generazione, sia dentro sia fuori la famiglia. In questo senso i nonni possono favorire oppure ostacolare il rapporto tra genitori e figli e tra questi ultimi e la società. "Nessuno può fare per i bambini quel che fanno i nonni: essi spargono polvere di stelle sulla vita dei più piccoli."
650 ## - Accesso aggiunto di soggetto--termine topico
Termine topico o nome geografico come accesso famiglia
9 (RLIN) 56036
654 ## - Accesso aggiunto di soggetto--termini topici faccettati
Termine principale saggio
942 ## - Dati aggiuntivi (Koha)
Fonte della classificazione o dello schema di collocazione (segnatura) Dewey Decimal Classification
Tipo copia default (Koha) LIBRO
Dati di copia
Ritirato (status) Perso (status) Fonte della classificazione o dello schema di collocazione (segnatura) Danneggiato (status) Non per il presito Biblioteca proprietaria Biblioteca in cui si trova Data d'acquisizione Totale prestiti Collocazione Codice a barre Data ultima operazione Prezzo in vigore dal Tipo copia default (Koha)
    Dewey Decimal Classification Buone Condizioni Not For Loan CISF - Milano CISF - Milano 09/06/2021   b7678 9788874029655 09/06/2021 09/06/2021 LIBRO
CREDITS: SOCIETA' SAN PAOLO Via A.Severo, 58 - ROMA (RM) & PERIODICI SAN PAOLO SRL Via Giotto, 36 MILANO & CISF Via Giotto, 36 MILANO & EDIZIONI SAN PAOLO SRL,  Piazza Soncino, 5 CINISELLO BALSAMO (MI) -- ITALY